| 000 | 01291cac a22003735a 4500 | ||
|---|---|---|---|
| 999 |
_c2653 _d2653 |
||
| 003 | EG-ScBUE | ||
| 005 | 20200111125549.0 | ||
| 008 | 190724t2007 enka f b 001 0 eng d | ||
| 020 | _a0321355709 (pbk.) | ||
| 020 | _a9780321355706 | ||
| 035 | _a(OCoLC)ocm62789990 | ||
| 040 |
_aEG-ScBUE _beng _erda _cEG-ScBUE _dEG-ScBUE |
||
| 082 | 0 | 4 |
_a808.042 _bLAN _222 |
| 100 | 1 |
_aLannon, John M, _eauthor. |
|
| 245 | 1 | 4 |
_aThe writing process : _ba concise rhetoric, reader, and handbook / _cJohn M. Lannon. |
| 250 | _aNinth edition. | ||
| 264 | 1 |
_aNew York : _bPearson Education, _c[2007] |
|
| 264 | 4 | _cc 2007 | |
| 300 |
_axxxii, 573 pages : _billustrations ; _c24 cm |
||
| 336 |
_2rdacontent _atext _btxt |
||
| 337 |
_2rdamedia _aunmediated _bn |
||
| 338 |
_2rdacarrier _avolume _bnc |
||
| 500 | _aIncludes appendices. | ||
| 504 | _aIncludes bibliographical references and index. | ||
| 590 | _arana gobara | ||
| 650 | 7 |
_aEnglish language _xRhetoric. _2BUEsh |
|
| 650 | 7 |
_aEnglish language _xGrammar. _2BUEsh _97501 |
|
| 650 | 7 |
_aCollege readers. _2BUEsh |
|
| 650 | 7 |
_aReport writing. _2BUEsh |
|
| 653 |
_bHHUUEENN _cJuly2019 |
||
| 655 | _vReading book | ||
| 856 | 4 | 1 |
_3Table of contents only _uhttp://www.loc.gov/catdir/toc/ecip066/2005037977.html |
| 942 |
_cBB _k808.042 LAN _2ddc |
||